Normal view
MARC view
Entry Personal Name
001 - CONTROL NUMBER
- control field: 56348
003 - CONTROL NUMBER IDENTIFIER
- control field: dpl
005 - DATE AND TIME OF LATEST TRANSACTION
- control field: 20230912114947.0
008 - FIXED-LENGTH DATA ELEMENTS
- fixed length control field: 230912|| aca||aabn | a|a d
040 ## - CATALOGING SOURCE
- Original cataloging agency: dpl
- Transcribing agency: dpl
100 ## - HEADING--PERSONAL NAME
- Personal name: Lohia,Sushama
670 ## - SOURCE DATA FOUND
- Source citation: Work cat.: (dpl)197296: Chandra,Lokesh 56347, Life of Lord Buddha from Chinese Sutras Illustrated in Ming Woodcuts/, 2010
